000 00618nam a2200241 i 4500
001 C2-0302876
003 PPAK
005 20180728083920.0
008 100221s2004 nyu |||| ||||| | eng d
020 _a9781400030613
040 _aPPAK
_beng
_cPPAK
_erda
082 0 4 _a814.5
_223
090 0 0 _a814.5
_bKLU
_dLCK
100 1 _aKluger, Richard,
_eauthor
245 1 0 _aSimple justice
264 1 _aNew York :
_bVintage ,
_c2004
300 _aviii, 865 pages ;
_c23 cm
336 _2rdacontent
_atext
337 _2rdamedia
_aunmediated
338 _2rdacarrier
_avolume
650 1 0 _aBiography
942 _ddc
_cB
999 _c106393
_d106393